| 000 | 00794nam a2200241 i 4500 | ||
|---|---|---|---|
| 001 | 000028629 | ||
| 003 | DO-SdBNP | ||
| 005 | 20250423140401.0 | ||
| 007 | ta | ||
| 008 | 110411s1984 dr a 000 0 spa d | ||
| 040 |
_aDO-SdBNP _bspa _cBNPHu _erda |
||
| 049 | _aBNPD | ||
| 082 | 4 |
_bA837m _222 |
|
| 110 | 2 |
_aAsociación Médica Dominicana _916565 |
|
| 245 | 1 | 0 | _aMemorias del 1er. seminario-taller de evaluación y normatización de la educación médica superior/. |
| 260 |
_aSanto Domingo : _bCenapec, _c1984. |
||
| 300 |
_a197 páginas : _bilustraciones ; _c21 cm. |
||
| 336 |
_2rdacontent _atexto _btxt |
||
| 337 |
_2rdamedia _asin mediación _bnc |
||
| 500 | _aIncluye referencias bibliográficas y notas al pie de las páginas. | ||
| 590 | _aInventariado, 2023/BT | ||
| 942 |
_2ddc _cLBS1 |
||
| 999 |
_c28121 _d28121 |
||